000
00340nam a2200145Ia 4500
008
150201s2006 xx 000 0 und d
082
_a
617.7
_b
M05D
100
_a
DUTTA, L.C.
245
_a
MODERN OPHTHALMOLOGY-1
250
_a
3RD
260
_b
JAYPEE BROTHERS
_a
DELHI
_c
2006
300
_a
1-624
650
_a
OPHTHALMOLOGY
942
_2
ddc
_c
BK
999
_c
110
_d
110